Least Receptive Countries To Immigrants In Europe - Statistics

General Stats
  • This quiz has been taken 110 times
  • The average score is 13 of 15
Answer Stats
Country % Correct
Belarus
93%
Poland
93%
Czech Republic
92%
Serbia
92%
Slovakia
92%
Ukraine
92%
Hungary
90%
Russia
90%
Romania
88%
Latvia
87%
Lithuania
87%
Bulgaria
86%
Moldova
81%
North Macedonia
81%
Montenegro
76%
No matching quizzes found
Score Distribution
Percent of People with Each Score
Percentile by Number Answered
Your Score History
You have not taken this quiz